Statistics for Regions of Europe

Click here to take the quiz!

General Stats

  • This quiz has been taken 61 times
  • The average score is 15 of 32

Answer Stats

Answer% Correct
Baltic States
95%
Scandinavia
95%
Iberian Peninsula
93%
Benelux
86%
British Isles
71%
Bohemia
68%
Scottish Highlands
63%
Danube River Basin
59%
Tyrol
55%
Upper Silesia
50%
Midlands
48%
Schengen Area
48%
Euskal Herria
46%
Thrace
46%
Carpathian Mountains
45%
Dalmatia
45%
Wallachia
45%
French Riviera
43%
Galicia
43%
Île-de-France
43%
Mezzogiorno
43%
Pomerania
43%
Visegrad Group
38%
Catalan Countries
30%
Blue Banana
29%
Sápmi
25%
Slavonia
25%
Rhine-Ruhr
23%
Bessarabia
21%
Randstad
11%
Western Balkans
5%
Polesia
2%

Score Distribution

Percentile by Number Answered

Percent of People with Each Score

Your Score History

You have not taken this quiz